Регионална библиотека "Любен Каравелов" - Русе

Дневник по Балканската война (Запис номер 74415)

MARC детайли
000 -Лидер
Контролно поле с фиксирана дължина 01528nam a2200349 c 4500
003 - Код на организацията, давaща контролен номер
Контролно поле BLK
005 - Дата и час на последна редакция
Контролно поле 20180420224052.0
008 - Елементи от данни с фиксирана дължина
fixed length control field 180408b bul|||||r ||||||| ||bul||
010 ## - Наследен системен номер
LC control number KNG00078816000
020 ## - Международен стандартен номер на книга ISBN
Международен стандартен номер на книга ISBN 954-509-358-7
-- издат.: Воен. изд.
040 ## - Източник на каталожния запис
Идентификатор на билиотеката - собственик на записа BLK
041 ## - Код за език
Код за езика на текст/звукозапис или на отделно заглавие Български
Код за езика КДБФ Български
080 ## - УДК
Текстов определител УДК Обявяване на независимостта на България. Период на Балканските войни (1908-1914)
УДК код - определител по УДК 94(497.2)"1908/1914"
УДК определител (0:82-94)
УДК - код + определител 94(497.2)"1908/1914"(0:82-94)
080 ## - УДК
Текстов определител УДК Българска литература
УДК код - определител по УДК 821.163.2
УДК определител -94
УДК - код + определител 821.163.2-94
100 1# - Редна дума - Автор
Автор Додов, Никола Сотиров
Авторска отговорност първи автор
R(LIN) 296880
139 ## - Редно поле
Редна дума Додов, Никола Сотиров
Авторски знак Дод - Д 70
245 10 - Сведения за заглавието
Заглавие Дневник по Балканската война
Редно поле (дума) Никола Сотиров Додов; предг. от Александър Кирилов Китанов.
257 ## - Страна на издаване
Страна на създаване/издаване България
260 ## - Област на издателските данни
-- София
Име на издателя, разпространителя и проч. Воен. изд.
Година на издаване 2006
300 ## - Физическа характеристика
Страници 104 с.
Илюстрации и др. с портр.
Размери/Мащаб 24 см
380 ## - Жанр
Жанр История
500 ## - Общи забележки
Забележка Библиогр. под линия
650 #4 - Допълнително описание по предмет – тема
Основно описание – тема или топоним Балканска война, 1912 - 1913 г. - спомени
9 (RLIN) 273150
653 ## - Ключова дума – ненормативна
Ключова дума Балканска война
653 ## - Ключова дума – ненормативна
Ключова дума спомени
700 1# - Други автори (авторска отговорност)
Лично име Китанов, Александър Кирилов
Автороска отговорност (Описва отношението между автора и произведението) предг. от
9 (RLIN) 296881
852 ## - Местоположение
Форматна сигнатура Цб 236558
856 4# - Електронен адрес и достъп
Електронен формат pdf - файл
Път до файла /url/
856 4# - Електронен адрес и достъп
Електронен формат pdf - файл
Път до файла /url/
942 ## - АРТИКУЛИ
Вид на библиотечния материал Книги
Скрит в OPAC Не
944 ## - СЪЗДАВАНЕ И РЕДАКЦИЯ на ЗАПИСА
Създаване/Редакция Създаване
Дата на регистрацията/редакция 02.11.2007
Служител, извършил регистрацията/редакцията Наталия_Медовщикова
944 ## - СЪЗДАВАНЕ И РЕДАКЦИЯ на ЗАПИСА
Създаване/Редакция Редакция
Дата на регистрацията/редакция 22.10.2008
Служител, извършил регистрацията/редакцията
999 ## - СИСТЕМНИ КОНТРОЛНИ НОМЕРА
Koha biblionumber 74415
Koha biblioitemnumber 74415
Наличности
Код за отписване Код за изгубен артикул Код за повреда Коз за рестрикции Код за отдаване Артикулен № Име на библиотеката - собственик Име на библиотеката, в която се намира в момента Статус (Текущо местоположение) Дата на вписване в системата Местоположение - отдел Цена в лева Инвентарен номер Систематично азбучна сигнатура Баркод Номер на екземпляра Цена в евро Служебна бележка Служебен тип на артикула Източник на класификационната схема
  Не е изгубен Не е повреден без рестрикции ползва се в читалня 121125 Регионална библиотека "Любен Каравелов" Русе Регионална библиотека "Любен Каравелов" Русе Хранилище 2007-11-02 Хранилище 7.00 120000719172 Цб 236558 120000719172 1 3.58 Дост: Dp Вид: Д N: 26 Дата: 06.06.2007 Книги  
Изтеглен Не е изгубен Не е повреден без рестрикции заемане за дома 121126 Регионална библиотека "Любен Каравелов" Русе Регионална библиотека "Любен Каравелов" Русе Заемна - подръчен фонд 2008-10-14 Заемна - подръчен фонд 7.00 120000730387 П 94(497.2)"1901/1918"/Д 70 120000730387 2 3.58 Дост: Pk Вид: Ф N: 8702 Дата: 14.10.2008 Дата инв: 08.02.2018 Бележки инв: П2018 Книги Universal Decimal Classification
Vip Innovations Ltd, Rousse, Bulgaria 2025